Die 24 größten Städte Schleswig-Holsteins - Statistiken

Allgemein
  • Dieses Quiz wurde 314 mal gespielt
  • Das Durchschnittsergebnis liegt bei 14 aus 24
Antwortstatistiken
Antwort Einwohner % Korrekt
Kiel 246.794
100%
Flensburg 90.164
99%
Lübeck 216.530
99%
Neumünster 80.196
87%
Husum 23.189
78%
Pinneberg 43.667
73%
Rendsburg 28.896
73%
Itzehoe 31.803
71%
Schleswig 25.416
70%
Heide 21.852
67%
Norderstedt 79.357
65%
Eckernförde 21.728
63%
Elmshorn 49.983
61%
Bad Oldesloe 24.690
52%
Ahrensburg 33.728
47%
Wedel 33.708
38%
Geesthacht 30.688
36%
Mölln 19.131
34%
Bad Schwartau 20.044
33%
Kaltenkirchen 22.109
33%
Quickborn 21.331
30%
Reinbeck 27.950
30%
Henstedt-Ulzburg 28.104
27%
Schenefeld 19.332
15%
Keine übereinstimmenden Quizze gefunden
Verteilung der Resultate
Anzahl Personen mit jedem Resultat
Perzentil nach korrekt beantworteten Fragen
Ihre Resultats-Entwicklung
Sie haben dieses Quiz noch nicht gespielt